00350nam a22001457a 450000500170000001000130001702000100003003500130004003700130005308200100006624500440007624600280012026000360014830000200018420200519134459.0 aA-842127 c50.00 aA-842127 bDBAD/PUB a840.8 aمالک رام:bایک موطالعہ aMalik Ram: Ek Mutaleah  aNew DelhibMaktaba Jamiac1986  a336p.c22cm(Hb)